000 00301nam a22001337a 4500
008 170526b xxu||||| |||| 00| 0 eng d
020 _a0891588241
041 _aeng
080 _a625.7/8
100 _a25
101 _aIM
245 _aTRANSPORT WITHOUT WHEELS
_cLAITHWATE.E.R
942 _2udc
_cBK
999 _c14365
_d14365